ბათუმის შოთა რუსთაველის სახელმწიფო უნივერსიტეტის ბიბლიოთეკა

Античная культура Северного Причерноморья в первые века нашей эры : (ბიბ.ჩანაწერი № 61222)

000 -LEADER
fixed length control field 00763nam a22001577a 4500
005 - DATE AND TIME OF LATEST TRANSACTION
control field 20240109124105.0
008 - FIXED-LENGTH DATA ELEMENTS--GENERAL INFORMATION
fixed length control field 240109s1986 ru ||||| |||| 00| 0 rus d
041 ## - LANGUAGE CODE
Language code of text/sound track or separate title rus
080 ## - UNIVERSAL DECIMAL CLASSIFICATION NUMBER
Universal Decimal Classification number 008(37/38) A-72
245 ## - TITLE STATEMENT
Title Античная культура Северного Причерноморья в первые века нашей эры :
Remainder of title Cборник научных трудов /
Statement of responsibility, etc. ред. В.А. Анохин.
264 ## - PRODUCTION, PUBLICATION, DISTRIBUTION, MANUFACTURE, AND COPYRIGHT NOTICE
Place of production, publication, distribution, manufacture Киев:
Name of producer, publisher, distributor, manufacturer Наукова думка,
Date of production, publication, distribution, manufacture, or copyright notice 1986.
300 ## - PHYSICAL DESCRIPTION
Extent 168 с.:
Other physical details ил.;
Dimensions 22 см.
653 ## - INDEX TERM--UNCONTROLLED
keyword ჩრდილოეთ შავი ზღვის რეგიონის უძველესი კულტურა
653 ## - INDEX TERM--UNCONTROLLED
keyword სამეცნიერო ნაშრომები
942 ## - ADDED ENTRY ELEMENTS (KOHA)
Source of classification or shelving scheme
Koha item type წიგნი
ეგზემპლარები
Withdrawn status Lost status Source of classification or shelving scheme Damaged status Not for loan Permanent Location Current Location Shelving location Date acquired Cost, normal purchase price Full call number Barcode Date last seen Copy number Uniform Resource Identifier Price effective from Koha item type Public note
          ბათუმის შოთა რუსთაველის სახელმწიფო უნივერსიტეტის მთავარი ბიბლიოთეკა ბათუმის შოთა რუსთაველის სახელმწიფო უნივერსიტეტის მთავარი ბიბლიოთეკა წიგნსაცავი 2024-01-09 5.00 008(37/38) A-72 65735 2024-01-09 65735 ბსუ-ს საპატიო დოქტორის გურამ ლორთქიფანიძის საჩუქარი 2024-01-09 წიგნი 5 ლ.